<?xml version="1.0" encoding="UTF-8"?>
<marc:record xmlns:marc="http://www.loc.gov/MARC21/slim">
   <marc:leader>00000nam a2200000 a 4500</marc:leader>
   <marc:datafield ind1="1" ind2=" " tag="100">
      <marc:subfield code="a">Ravensburger</marc:subfield>
      <marc:subfield code="4">aut</marc:subfield>
      <marc:subfield code="e">Verfasser/-in</marc:subfield>
   </marc:datafield>
   <marc:datafield ind1=" " ind2=" " tag="653">
      <marc:subfield code="a">Kinder- und Jugendsachbuch</marc:subfield>
   </marc:datafield>
   <marc:datafield ind1=" " ind2=" " tag="653">
      <marc:subfield code="a">Fußball</marc:subfield>
   </marc:datafield>
   <marc:datafield ind1=" " ind2=" " tag="653">
      <marc:subfield code="a">Sachbuch</marc:subfield>
   </marc:datafield>
   <marc:datafield ind1="0" ind2="0" tag="245">
      <marc:subfield code="a">Wieso? Weshalb? Warum? Mutig, stark und selbstbewusst</marc:subfield>
   </marc:datafield>
   <marc:datafield ind1="0" ind2="0" tag="245">
      <marc:subfield code="b">Mit ausklappbaren Entdecker-Seiten</marc:subfield>
   </marc:datafield>
   <marc:datafield ind1="0" ind2="0" tag="245">
      <marc:subfield code="c">Ravensburger</marc:subfield>
   </marc:datafield>
   <marc:datafield ind1=" " ind2="1" tag="264">
      <marc:subfield code="a">Ravensburg</marc:subfield>
      <marc:subfield code="b">Ravensbuger Buchverlag</marc:subfield>
   </marc:datafield>
   <marc:datafield ind1="1" ind2=" " tag="520">
      <marc:subfield code="a">Sonja und die Kinder Katinka und Theo haben Tickets für den Klettergarten gewonnen – ob Theo sich traut, mit der Seilbahn zu fahren? Im Kindergarten oder in der Schule sind alle Teil einer Gruppe. Aber was kann man tun, wenn ein Kind ausgeschlossen wird? Und wann ist es wichtig, Nein zu sagen? Theo hat manchmal Angst im Dunkeln. Doch mit einer Mut-Tier-Maske fühlt er sich stark wie ein Tiger. Am Ende können alle mit Theo und Katinka gemeinsam auf eine Traumreise zu ihrem eigenen Mut-Tier gehen. Wir sind nicht alle gleich, aber alle gleich wertvoll! Das Hörspiel für Kinder ab 4 Jahren mit Sonja Szylowicki und Kindern behandelt viele Situationen aus dem Kinderalltag und enthält Tipps für mehr Selbstbewusstsein. Über den Mut, man selbst zu sein und die Frage, was man gegen Ausgrenzung tun kann.&lt;br/&gt;quelle: thalia.at</marc:subfield>
   </marc:datafield>
   <marc:datafield ind1=" " ind2=" " tag="020">
      <marc:subfield code="a">9783473600366</marc:subfield>
      <marc:subfield code="9">9783473600366</marc:subfield>
   </marc:datafield>
   <marc:datafield ind1=" " ind2=" " tag="041">
      <marc:subfield code="a">ger</marc:subfield>
   </marc:datafield>
   <marc:datafield ind1="1" ind2=" " tag="521">
      <marc:subfield code="a">0</marc:subfield>
   </marc:datafield>
</marc:record>
